00698nam a22001697a 4500003000900000008004100009040007100050082001800121100002500139245005300164260006600217300002600283505013800309650003100447650002300478650002700501AR-CdUCM190313b ||||| |||| 00| 0 spa d aMUNICIPALIDAD PROVINCIAL DEL CUSCOcBIBLIOTECA MUNICIPAL DEL CUSCO a869.62 /bS55 aSilva, Medardo Angel aMaria Jesus (novela) :bY al pasar (crónica) / aGuayaquil :bEditorial casa de la cultura ecuatoriana,c1965. a135 paginas ;c17 cm. aContenido :La danza de las horas -- La ciudad nocturna -- La burguesa seriedad -- Un viaje a vinces -- Campaña antituberculosis ... aLiteratura contemporánea aNovela ecuatoriana aLiteratura ecuatoriana